000 01148ngm a22003850a 4500
001 PT43897
003 AR-LpoUNG
005 20210201235944.0
007 vd cvaizq
008 191001s[201||||ag |||||||||||||||||spa d
040 _aAR-LpoUNG
_bspa
_cAR-LpoUNG
_eaacr
041 _aspa
044 _aag
082 0 _a302.1 617v13
100 1 _aBirri, Fernando
_edir.
245 1 0 _aChe, ¿muerte de la utopía?
260 _aRosario :
_bISCAA - ATE,
_c[2011].
300 _aDVD (90 min.) : son., col.
505 0 _aHecha en 1996. Alemania-Argentina.- Guión: Fernando Birri, Gabriel García Márquez. - Producción: Marcelo Céspedes. - Fotografía: Libio Pansavalle. - Música: Gianni Nocenzi. - Sonido: Pierre Pfundt.
520 _aDocumental experimental entorno de Ernesto 'Che' Guevara
650 4 _aALEMANIA
650 4 _aARGENTINA
650 4 _aCULTURA
650 4 _aHISTORIA
650 4 _aPROBLEMAS SOCIALES
651 4 _aArgentina
653 _aCHE
653 _aCINE ARGENTINO
653 _aDOCUMENTALES
653 _aDVD
653 _aGUEVARA, ERNESTO
653 _aVIDEOS
905 _a43897
942 _cDVD
999 _c53844
_d53844